000 00322nam a22001337a 4500
008 171101b xxu||||| |||| 00| 0 eng d
020 _a0130488933
041 _aeng
080 _a33
100 _a59
101 _aBUS
245 _aARTIFICIAL INTELLIGENCE IN BUSINESS, SCIENCE AND INDUSTRY
_cRAUCH,W.B
942 _2udc
_cBK
999 _c37005
_d37005